| 000 | 00325nam a2200121Ia 4500 | ||
|---|---|---|---|
| 008 | 150202s9999 xx 000 0 und d | ||
| 050 |
_aFIC _bFIC |
||
| 100 | _aDe Mille, Nelson. | ||
| 245 |
_aCathedral / _cNelson De Mile. |
||
| 260 |
_aLondon : _bPanther Books, _c1981. |
||
| 300 |
_a556 pages : _c18 cm. |
||
| 650 | _aFiction. | ||
| 999 |
_c281996 _d281996 |
||